00444nam a2200169Ia 4500003000400000005001700004008004100021020001400062040000700076041000800083082002400091100002800115245006400143260003800207300001500245365001400260OSt20230325095626.0210423s2004 xx 000 0 und d a470091827 cAL aeng a660.2815 223bCRAC aCRAMER (Christopher J). aEssentials of computational chemistry: theories and models. aNew YorkbJohn Wiley & Sonsc2004 axx,596bPB b3164cINR